000 00417nam a2200169Ia 4500
008 241115s9999 xx 000 0 und d
020 _a0-201-10088-6
082 _a005.453 AHO
100 _aAho, Alfred V.
245 0 _aCompilers: principles techniques and tools
250 _a.NA
260 _aNew York
_c1986
300 _ax,795p.
600 _aComputer Science
650 _aComputer Science
942 _cBBD
999 _c25490
_d25490